Sociálny fond u zamestnávateľa

Sociálny fond tvoria finančné prostriedky, ktoré sa používajú na realizáciu podnikovej sociálnej politiky v oblasti starostlivosti o zamestnancov. Sociálny fond je významným nástrojom realizácie sociálnej politiky každého zamestnávateľa a jedným zo zdrojov jej financovania. Tvorba a čerpanie sociáln...

Descripción completa

Guardado en:
Detalles Bibliográficos
Autor principal: Mintál, Ján
Formato: Capítulo de libro
Lenguaje:eslovaco
Materias:
Etiquetas: Agregar Etiqueta
Sin Etiquetas, Sea el primero en etiquetar este registro!

MARC

LEADER 00000naa a2200000 4500
001 0315244
005 20260304082330.5
041 0 |a slo 
044 |a SK 
245 1 0 |a Sociálny fond u zamestnávateľa  |c Ján Mintál 
520 |a Sociálny fond tvoria finančné prostriedky, ktoré sa používajú na realizáciu podnikovej sociálnej politiky v oblasti starostlivosti o zamestnancov. Sociálny fond je významným nástrojom realizácie sociálnej politiky každého zamestnávateľa a jedným zo zdrojov jej financovania. Tvorba a čerpanie sociálneho fondu je predmetom úpravy zákona č. 152/1994 Z. z. o sociálnom fonde. Prostredníctvom sociálneho fondu teda dochádza k zabezpečeniu rôznych plnení predovšetkým sociálneho charakteru určených pre zamestnancov podniku. 
610 2 0 |a fond sociálny 
610 2 0 |a zamestnávatelia 
610 2 0 |a politika sociálna podniková 
610 2 0 |a starostlivosť o pracovníkov 
610 2 0 |a zákony 
100 1 |a Mintál, Ján